Track & fields - Statistics

General Stats
  • This quiz has been taken 49 times
  • The average score is 5 of 10
Answer Stats
Question Answer % Correct
What's the 100 m world record for men? 9,58
95%
In what sport is the world record 2,45 m? High jump
79%
How many metres is a marathon race? 42 195 m
72%
What's the long jump world record? 8,95
67%
What's the hammer throw world record for men? 86,74 m
46%
How much does a men's discus weigh? 2 kg
36%
At what age did Armand Duplantis start pole vaulting? 4
28%
What city hosted the 1988 Olympic games? Seoul
28%
What's the hammer throw world record for women? 82,98
23%
What's the standard IAAF size in lenght for long jump sand pit? 9 m
21%
No matching quizzes found
Score Distribution
Percent of People with Each Score
Percentile by Number Answered
Your Score History
You have not taken this quiz